Gaming Quiz

Random Gaming Quiz

Penguins of Yugioh! Quiz Stats

 Plays Quiz not verified by Sporcle

Challenge
Share
Tweet
Embed
Score 0/10 Timer 02:00
0 Plays Today
Penguin % Correct
Nightmare Penguin
80.8%
Penguin Soldier
80.8%
Penguin Knight
76.9%
Bolt Penguin
73.1%
Puny Penguin
65.4%
Flying Penguin
61.5%
The Great Emperor Penguin
61.5%
Fluffal Penguin
50%
Nopenguin
46.2%
Guard Penguin
34.6%

You're not logged in!

Compare scores with friends on all Sporcle quizzes.
OR
Log In

You Might Also Like...

Show Comments

Extras

Created Nov 13, 2014ReportNominate
Tags:penguin, Trading Cards, yugioh

Top Quizzes Today


Score Distribution

Your Account Isn't Verified!

In order to create a playlist on Sporcle, you need to verify the email address you used during registration. Go to your Sporcle Settings to finish the process.

Report this User

Report this user for behavior that violates our Community Guidelines.

Details: